000
00237 a2200097 4500
001
52182
100
_a
Chell G G
245
_a
Developments in Fracture (Vol-I)
260
_a
London
_b
Applied Science Publishers
_c
090
_c
32845
_d
32845
942
_a
NUST-CAE
_c
M
_c
25386
999
_c
287255
_d
287255